000 01059cam a22002771i 4500
003 SA-RiAUC
005 20251117134111.0
008 250811s1971 ae g b 00000 ara c
040 _aSA-RiAUC
_bara
_cSA-RiAUC
_erda
050 0 4 _b.L37 1971
082 0 4 _a257.2
_qSA-RiAUC
090 _a257.2
_bل ق ب
100 1 _aلقبال، موسى
_eمؤلف.
245 1 2 _aالحسبة المذهبية في بلاد المغرب العربي :
_bنشأتها وتطورها /
_cموسى لقبال.
250 _aالطبعة الأولى.
264 1 _aالجزائر :
_bالشركة الوطنية للنشر والتوزيع،
_c1971
300 _a130 صفحة ؛
_c24 سم
336 _aنص
_btxt
_2rdacontent
_3كتاب
337 _aبدون وسيط
_bn
_2rdamedia
338 _aمجلد
_bnc
_2rdacarrier
504 _aببليوجرافية : صفحة 123-130.
650 7 _aالحسبة
_2aucsh
650 7 _aالنظام المالي في الإسلام
_2aucsh
942 _2ddc
_cBOOK
_n0
949 _aSA-JeALM
_d250811
_umohamedma123
_n1
999 _c13320
_d13320